| 000 | 00540nam a2200121Ia 4500 | ||
|---|---|---|---|
| 008 | 171212s9999 xx 000 0 und d | ||
| 020 | _a9780833088246 | ||
| 100 | _aBreslau, Joshua;Aharoni, Eyal;Pedersen, Eric R.;Miller, Laura L. | ||
| 245 |
_cBreslau, Joshua;Aharoni, Eyal;Pedersen, Eric R.;Miller, Laura L. _aA Review of Research on Problematic Internet Use and Well-Being _bWith Recommendations for the U.S. Air Force |
||
| 260 |
_bRAND Corporation _c2015 |
||
| 650 | _aHistory | ||
| 856 | _uhttp://www.jstor.org/stable/10.7249/j.ctt14bs4q1 | ||
| 999 |
_c351660 _d351660 |
||